000 00495nam a2200193 a 4500
001 1757401823347
003 YourLibrary
005 20250909124818.0
008 250909s1998##################000#0#eng##
020 _a9780684823669
082 0 4 _a133.5
_bEIC
100 1 _aEichenbaum, Diane,
_eauthor.
245 1 0 _aSoul Signs :
260 _bSimon and Schuster,
_c1998.
300 _a260 pages
650 0 _aBody, Mind & Spirit.
942 _cENGLISH
040 _aYourLibrary
_beng
_cYourLibrary
999 _c586116
_d586116